Ocenenie železničiarom Slávnostný zápis do Knihy cti ÚRO

Bibliographic Details
Main Author: (nem) (Author)
Format: Article
Language:Slovak
Subjects:

MARC

LEADER 00000nab a2200000 a 4500
001 vtls000258542
003 SK-MaSNL
005 20260302220820.0
008 190109c1986 xo 0 slo
015 |a SNBRB19rr/mm-uuuuu 
035 |a CL0268656 
040 |a SNKBUCL  |b slo  |c SNKBUCL  |e AACR2 
041 0 |a slo 
044 |a xo  |c SK 
080 |a 331.88(437):656.2-051  |2 1981 
080 |a 656.2-051  |2 1981 
080 |a 331.876.5  |2 1981 
080 |a 331.97  |2 1981 
100 1 |a (nem)  |4 aut  |9 873325 
245 1 0 |a Ocenenie železničiarom  |b Slávnostný zápis do Knihy cti ÚRO  |c (nem) 
610 2 7 |a Revolučné odborové hnutie.  |b Ústredná rada odborov  |2 SNKKA  |9 180099 
650 0 7 |a brigády socialistickej práce  |2 snkbucl  |9 53950 
650 0 7 |a zápis do Knihy cti ÚRO (vyznamenanie)  |2 snkbucl  |9 924377 
650 0 7 |a Deň železničiarov  |2 snkbucl  |9 947032 
655 7 |a články z novín a časopisov  |2 snkbucl  |9 267496 
773 0 |t Práca  |g Roč. 41, č. 228 (27. 9. 1986), s. 1 a 2 
850 |a Slovenská národná knižnica v Martine  |a MTA001 
852 |a SNK  |b KIS3GCP 
958 |a RK 
992 |a RBX 
999 |c 1508813  |d 1510743